Agricultural biography (Record no. 114032)

MARC details
000 -LEADER
fixed length control field 00664cam a22001815a 4500
001 - CONTROL NUMBER
control field L156102
008 - FIXED-LENGTH DATA ELEMENTS--GENERAL INFORMATION
fixed length control field 120430s1854 xxk f 000 0 eng d
035 ## - SYSTEM CONTROL NUMBER
System control number (Sirsi) u156102
041 0# - LANGUAGE CODE
Language code of text/sound track or separate title eng
100 1# - MAIN ENTRY--PERSONAL NAME
Personal name Donaldson, John
Dates associated with a name 1799-1876
245 00 - TITLE STATEMENT
Title Agricultural biography
Remainder of title containing a notice of the life and writings of the British authors on agriculture, from the earliest date in 1480 to the present time
260 ## - PUBLICATION, DISTRIBUTION, ETC.
Place of publication, distribution, etc. London
Name of publisher, distributor, etc. Printed for the Author
Date of publication, distribution, etc. MDCCCLIV [1854]
300 ## - PHYSICAL DESCRIPTION
Extent vii (i.e. viii), 137, [1] p.
Dimensions 26 cm.
583 ## - ACTION NOTE
Action Condition reviewed
Time/date of action 20120620
Status condition level 1
651 #4 - SUBJECT ADDED ENTRY--GEOGRAPHIC NAME
Geographic name Great Britain
Chronological subdivision 1707-
690 ## - LOCAL SUBJECT ADDED ENTRY--TOPICAL TERM (OCLC, RLIN)
Topical term or geographic name as entry element Rural
9 (RLIN) 6268
942 ## - ADDED ENTRY ELEMENTS (KOHA)
Suppress in OPAC 0
Holdings
Withdrawn status Lost status Damaged status Not for loan Home library Current library Shelving location Date acquired Total Checkouts Full call number Barcode Date last seen Copy number Price effective from Koha item type
        Historic collection Historic collection Historic collection 30/04/2012   AGRICULTURE QUARTO 1854 DONALDSON 30077976 20/08/2025 1 06/08/2019 Book